书目信息 |
| 题名: |
室内装饰设计施工图集 9
|
|
| 作者: | 尤逸南 主编 | |
| 分册: | ||
| 出版信息: | 北京 中国建筑工业出版社 |
|
| 页数: | 347页 | |
| 开本: | 16开 | |
| 丛书名: | ||
| 单 册: | ||
| 中图分类: | TU238.2-64 , TU238-64 | |
| 科图分类: | ||
| 主题词: | 建筑设计 | |
| 电子资源: | ||
| ISBN: | 7-112-04297-6 | |
| 000 | 00610nam0 2200205 45 | |
| 001 | 0012101134 | |
| 005 | 20001225162859.9 | |
| 010 | @a7-112-04297-6@d90.00元 | |
| 100 | @a20001210d km y0chiy0120 ea | |
| 101 | 0 | @achi |
| 105 | @a z 000yy | |
| 200 | 1 | @a室内装饰设计施工图集 9@Ashi nei zhuang shi she ji shi gong tu ji 9@f尤逸南等主编@FYou Yi Nan Deng Zhu Bian |
| 210 | @a北京@c中国建筑工业出版社 | |
| 215 | @a347页@d16开 | |
| 606 | 0 | @a建筑设计 |
| 690 | @aTU238.2-64@v3 | |
| 690 | @aTU238-64@v4 | |
| 701 | 0 | @a尤逸南@4主编 |
| 801 | @aCN@bPftUser@c20001210 | |
| 905 | @dTU238-64@eY569:9@b314501-505@f5 | |
| 室内装饰设计施工图集 9/尤逸南等主编.-北京:中国建筑工业出版社 |
| 347页;16开 |
| ISBN 7-112-04297-6:90.00元 |
| ● |
| 相关链接 |
|
|
|
正题名:室内装饰设计施工图集 9
索取号:TU238-64/Y569:9
 
预约/预借
| 序号 | 登录号 | 条形码 | 馆藏地/架位号 | 状态 | 备注 |
| 1 | 314501 | 203145015 | 建筑库101/101建筑库 57排2列2层/ [索取号:TU238-64/Y569:9] | 在馆 | |
| 2 | 314502 | 203145024 | 自科二线404/404自科库 24排6列5层/ [索取号:TU238-64/Y569:9] | 在馆 | |
| 3 | 314503 | 203145033 | 自科二线404/404自科库 26排6列1层/ [索取号:TU238-64/Y569:9] | 在馆 | |
| 4 | 314504 | 203145042 | 自科二线404/404自科库 21排6列3层/ [索取号:TU238-64/Y569:9] | 在馆 | |
| 5 | 314505 | 203145051 | 自科二线404/404自科库 21排6列3层/ [索取号:TU238-64/Y569:9] | 在馆 |